Central Library and Information Centre
Sibsagar Girls' College, Sivasagar : Assam

SAGOI SALAIRUL (Record no. 11789)

MARC details
000 -LEADER
fixed length control field 00433cam a2200181ua 4500
008 - FIXED-LENGTH DATA ELEMENTS--GENERAL INFORMATION
fixed length control field 180312n II |||gr||||Z||||||mni
040 ## - CATALOGING SOURCE
Original cataloging agency MAIN
041 ## - LANGUAGE CODE
-- English
082 ## - DEWEY DECIMAL CLASSIFICATION NUMBER
Classification number 028.7 YUM
245 ## - TITLE STATEMENT
Title SAGOI SALAIRUL
260 ## - PUBLICATION, DISTRIBUTION, ETC.
Place of publication, distribution, etc. MANIPUR:
Name of publisher, distributor, etc. Y.C.MEITEI,
Date of publication, distribution, etc. 2017.
300 ## - PHYSICAL DESCRIPTION
Extent 112:
Dimensions 20CM.
500 ## - GENERAL NOTE
General note F/C BY CIIL, MYSORE
700 ## - ADDED ENTRY--PERSONAL NAME
Personal name YUMNAM CHAOBA MEITEI,
Relator term AUTHOR.
942 ## - ADDED ENTRY ELEMENTS (KOHA)
Koha item type Books
653 ## - INDEX TERM--UNCONTROLLED
Uncontrolled term Reference Books
Holdings
Withdrawn status Lost status Damaged status Not for loan Collection code Home library Current library Shelving location Date acquired Full call number Barcode Date last seen Copy number Price effective from Koha item type Public note
        REFSOC Central Library and Information Centre Sibsagar Girls College Central Library and Information Centre Sibsagar Girls College Tribal Studies 11.09.1989 028.7 YUM 10067 27.02.2020 1 27.02.2020 Books V


Sibsagar Girl's College © 2020. All rights reserved.
Powered by Koha.
Maintained by Abhijit Borpuzari.